[Event "Charlotte op"]
[Site "Charlotte"]
[Date "2021.12.30"]
[Round "8"]
[White "Kumar, Naman"]
[Black "De la Colina, Nicolas"]
[Result "0-1"]
[WhiteElo "2138"]
[BlackElo "2108"]
[PlyCount "98"]
[EventDate "2021.12.26"]
[EventType "swiss"]
[EventRounds "9"]
[EventCountry "USA"]
[SourceTitle "CBM 205 Extra"]
[Source "ChessBase"]
[SourceDate "2022.01.31"]
[SourceVersion "1"]
[SourceVersionDate "2022.01.31"]
[SourceQuality "1"]

1. e4 c5 2. Nf3 Nc6 3. d4 cxd4 4. Nxd4 g6 5. c4 Bg7 6. Be3 Qb6 7. Nb5 Qa5+ 8. N1c3 Nf6 9. f3 d6 10. Qd2 0-0 11. Be2 a6 12. Nd4 Bd7 13. Nxc6 bxc6 14. 0-0 Rab8 15. a3 c5 16. b4 cxb4 17. axb4 Qd8 18. Rxa6 Rxb4 19. Nb5 Rb3 20. Bd4 Qc8 21. Ra2 Be6 22. Rc1 Nd7 23. Bxg7 Kxg7 24. Bd1 Qc5+ 25. Kh1 Rb4 26. Be2 Rc8 27. Nd4 Nf6 28. Nxe6+ fxe6 29. Rb2 Rcb8 30. Rcb1 Rxb2 31. Rxb2 Ra8 32. Ra2 Rxa2 33. Qxa2 Qf2 34. Qd2 e5 35. g3 Nd7 36. Qd1 Nc5 37. Qf1 Qe3 38. Kg2 Ne6 39. Qf2 Qc3 40. Bf1 Qc1 41. h4 h6 42. Qa7 Kf7 43. Qa8 Qd2+ 44. Kh3 Qf2 45. Bg2 g5 46. hxg5 Nxg5+ 47. Kh2 Nxf3+ 48. Kh3 Ne1 49. Bh1 Qg1 0-1

[Event "Charlotte op"]
[Site "Charlotte"]
[Date "2021.12.29"]
[Round "7"]
[White "Adury, Anant"]
[Black "Kumar, Naman"]
[Result "1/2-1/2"]
[WhiteElo "1855"]
[BlackElo "2138"]
[PlyCount "72"]
[EventDate "2021.12.26"]
[EventType "swiss"]
[EventRounds "9"]
[EventCountry "USA"]
[SourceTitle "CBM 205 Extra"]
[Source "ChessBase"]
[SourceDate "2022.01.31"]
[SourceVersion "1"]
[SourceVersionDate "2022.01.31"]
[SourceQuality "1"]

1. d4 d5 2. c4 dxc4 3. e3 Nf6 4. Bxc4 e6 5. Nf3 c5 6. 0-0 a6 7. dxc5 Bxc5 8. Qxd8+ Kxd8 9. Nbd2 b5 10. Nb3 Bb6 11. Rd1+ Ke7 12. Be2 Ne4 13. a4 bxa4 14. Rxa4 Nc5 15. Nxc5 Bxc5 16. Bd2 Bb7 17. Bb4 Rc8 18. Bxc5+ Rxc5 19. Rad4 Rc2 20. Rb4 Rc7 21. Ne5 f6 22. Bf3 Ra7 23. Rxb7 Raxb7 24. Bxb7 Rxb7 25. Nd3 e5 26. Rd2 Nd7 27. Kf1 Rb5 28. Ke2 e4 29. Nf4 Nb6 30. b3 g5 31. Nh5 Nd5 32. Rd4 f5 33. Kd2 Ke6 34. g4 Rxb3 35. gxf5+ Ke5 36. Ng3 Rb2+ 1/2-1/2

[Event "Charlotte op"]
[Site "Charlotte"]
[Date "2021.12.29"]
[Round "6"]
[White "Kumar, Naman"]
[Black "Sharma, Hemant"]
[Result "0-1"]
[WhiteElo "2138"]
[BlackElo "2356"]
[PlyCount "74"]
[EventDate "2021.12.26"]
[EventType "swiss"]
[EventRounds "9"]
[EventCountry "USA"]
[SourceTitle "CBM 205 Extra"]
[Source "ChessBase"]
[SourceDate "2022.01.31"]
[SourceVersion "1"]
[SourceVersionDate "2022.01.31"]
[SourceQuality "1"]

1. e4 c5 2. Nf3 d6 3. d4 cxd4 4. Nxd4 Nf6 5. Nc3 a6 6. f3 e5 7. Nb3 Be6 8. Be3 Be7 9. Qd2 Nbd7 10. 0-0-0 h5 11. Kb1 Rc8 12. Nd5 Nxd5 13. exd5 Bf5 14. Bd3 Bxd3 15. Qxd3 Bg5 16. Bf2 Qc7 17. c3 0-0 18. Qf5 Bh6 19. Qxh5 a5 20. Qg4 b5 21. Nxa5 Qxa5 22. Qxd7 b4 23. cxb4 Qxb4 24. Qg4 Rc4 25. Qf5 Rb8 26. b3 g6 27. Qd3 Rc3 28. Be1 Rxd3 29. Bxb4 Rxd1+ 30. Rxd1 Rxb4 31. Kc2 Kf8 32. a4 Be3 33. Kc3 Bc5 34. Ra1 Rh4 35. Ra2 Rd4 36. Re2 Bb4+ 37. Kc2 f5 0-1

[Event "Charlotte op"]
[Site "Charlotte"]
[Date "2021.12.28"]
[Round "5"]
[White "Kumar, Naman"]
[Black "Park, Evan"]
[Result "1/2-1/2"]
[WhiteElo "2138"]
[BlackElo "2310"]
[PlyCount "71"]
[EventDate "2021.12.26"]
[EventType "swiss"]
[EventRounds "9"]
[EventCountry "USA"]
[SourceTitle "CBM 205 Extra"]
[Source "ChessBase"]
[SourceDate "2022.01.31"]
[SourceVersion "1"]
[SourceVersionDate "2022.01.31"]
[SourceQuality "1"]

1. e4 g6 2. d4 Bg7 3. Nc3 d6 4. f4 a6 5. Nf3 Nd7 6. e5 Nh6 7. Bd3 c5 8. dxc5 Nxc5 9. 0-0 0-0 10. Bc4 dxe5 11. fxe5 Be6 12. Bxe6 Nxe6 13. Qe2 Qb6+ 14. Be3 Qc6 15. Rad1 Rad8 16. Rfe1 Nf5 17. Bf2 h5 18. Qe4 Qxe4 19. Nxe4 b5 20. c3 Bh6 21. Kf1 g5 22. Nd4 Nfxd4 23. cxd4 Rd7 24. d5 Rfd8 25. Bb6 Rb8 26. Be3 Nc7 27. d6 Ne6 28. dxe7 Rxe7 29. Nf6+ Kg7 30. Nxh5+ Kg6 31. Nf6 Bg7 32. Ng4 Rc7 33. Re2 Rbc8 34. Rdd2 Rc4 35. h3 R8c6 36. Kf2 1/2-1/2

[Event "Coral Springs Turkey Bowl op 19th"]
[Site "Coral Springs"]
[Date "2021.11.14"]
[Round "4"]
[White "Kumar, Naman"]
[Black "Becerra Rivero, Julio"]
[Result "0-1"]
[WhiteElo "2134"]
[BlackElo "2496"]
[PlyCount "72"]
[EventDate "2021.11.12"]
[EventType "swiss"]
[EventRounds "5"]
[EventCountry "USA"]
[SourceTitle "EXT 2023"]
[Source "ChessBase"]
[SourceDate "2022.10.05"]
[SourceVersion "1"]
[SourceVersionDate "2022.10.05"]
[SourceQuality "1"]

1. e4 e5 2. Nf3 Nc6 3. Bc4 Nf6 4. d3 Be7 5. 0-0 0-0 6. c3 d6 7. Re1 Na5 8. Bb5 a6 9. Ba4 b5 10. Bc2 c5 11. d4 Nd7 12. Nbd2 cxd4 13. cxd4 Nc6 14. Nf1 exd4 15. Nxd4 Nxd4 16. Qxd4 Bb7 17. Ne3 Rc8 18. Nf5 Bf6 19. Qd1 Ne5 20. Bb3 Nc4 21. Bxc4 Rxc4 22. Qd3 Bc8 23. Ng3 Be6 24. Nh5 Be5 25. Nf4 Rxc1 26. Raxc1 Bxf4 27. Rc6 Qa5 28. Rd1 Qxa2 29. g3 Be5 30. f4 Bxb2 31. Qxd6 Ba3 32. Qd3 Bc4 33. Qc3 a5 34. f5 Bb4 35. Qd4 Qe2 36. Ra1 Bd2 0-1

[Event "Coral Springs Turkey Bowl op 19th"]
[Site "Coral Springs"]
[Date "2021.11.13"]
[Round "2"]
[White "Kumar, Naman"]
[Black "Yisrael, Melakah"]
[Result "1-0"]
[WhiteElo "2134"]
[BlackElo "1756"]
[PlyCount "77"]
[EventDate "2021.11.12"]
[EventType "swiss"]
[EventRounds "5"]
[EventCountry "USA"]
[SourceTitle "EXT 2023"]
[Source "ChessBase"]
[SourceDate "2022.10.05"]
[SourceVersion "1"]
[SourceVersionDate "2022.10.05"]
[SourceQuality "1"]

1. e4 e5 2. Nf3 Nc6 3. Bc4 Bc5 4. c3 Nf6 5. d3 d6 6. 0-0 a6 7. Bb3 Ba7 8. Re1 h6 9. d4 0-0 10. h3 Re8 11. Bc2 exd4 12. cxd4 Nb4 13. Nc3 Nxc2 14. Qxc2 b5 15. Bf4 Bb7 16. a3 Re7 17. Rad1 Qe8 18. d5 Nd7 19. Nd4 Bxd4 20. Rxd4 f5 21. Be3 fxe4 22. Nxe4 Rc8 23. Ng3 Qf7 24. Nf5 Re5 25. g4 Nf6 26. f4 Rxd5 27. g5 Nh5 28. Rxd5 Bxd5 29. Nxd6 cxd6 30. Qxc8+ Kh7 31. Qg4 g6 32. f5 Bc6 33. fxg6+ Kxg6 34. gxh6+ Kh7 35. Rf1 Qd5 36. Qf5+ Qxf5 37. Rxf5 Ng3 38. Rf7+ Kg8 39. Rg7+ 1-0

[Event "Budapest FS08 Nadassy"]
[Site "Budapest"]
[Date "2021.08.09"]
[Round "3"]
[White "Kumar, Naman"]
[Black "Szalanczy, Emil"]
[Result "1-0"]
[WhiteElo "1974"]
[BlackElo "2121"]
[PlyCount "103"]
[EventDate "2021.08.07"]
[EventType "swiss"]
[EventRounds "12"]
[EventCountry "HUN"]
[SourceTitle "EXT 2022"]
[Source "ChessBase"]
[SourceDate "2021.10.06"]
[SourceVersion "1"]
[SourceVersionDate "2021.10.06"]
[SourceQuality "1"]
[WhiteTeam "Guests"]
[BlackTeam "Hungary"]
[WhiteTeamCountry "HUN"]
[BlackTeamCountry "HUN"]

1. e4 c5 2. Nf3 d6 3. d4 cxd4 4. Nxd4 Nf6 5. Nc3 g6 6. Be3 Bg7 7. f3 Nc6 8. Qd2 0-0 9. 0-0-0 Qa5 10. Kb1 Bd7 11. g4 Rfc8 12. h4 Ne5 13. h5 Rxc3 14. Qxc3 Qxc3 15. bxc3 Rc8 16. h6 Bf8 17. Kb2 e6 18. Be2 d5 19. Bf4 Bd6 20. Bg5 Ne8 21. f4 Nc4+ 22. Bxc4 Rxc4 23. exd5 e5 24. fxe5 Bxe5 25. Rhe1 f6 26. Bh4 Bxg4 27. Rd3 Nd6 28. Bg3 Rc8 29. Kb3 Nc4 30. Bxe5 Nxe5 31. Rg3 Bd7 32. Nf3 Nf7 33. Re7 Rd8 34. Nd4 Nxh6 35. Rg1 Nf5 36. Nxf5 Bxf5 37. Rxb7 Rxd5 38. Re1 Rd8 39. Ree7 g5 40. c4 g4 41. c5 Kh8 42. Kc3 h5 43. Rf7 g3 44. Rxf6 Be4 45. c6 g2 46. c7 Rg8 47. Rh6+ Bh7 48. Rxh7+ Kxh7 49. c8Q+ Kh8 50. Qh3 Rg5 51. Qc8+ Rg8 52. Qc7 1-0

[Event "Budapest Vezerkepzo IM 7th"]
[Site "Budapest"]
[Date "2021.08.05"]
[Round "10"]
[White "Balla, Tamas Kristof"]
[Black "Kumar, Naman"]
[Result "1-0"]
[WhiteElo "2336"]
[BlackElo "2141"]
[PlyCount "95"]
[EventDate "2021.07.29"]
[EventType "tourn"]
[EventRounds "11"]
[EventCountry "HUN"]
[EventCategory "1"]
[SourceTitle "CBM 203 Extra"]
[Source "ChessBase"]
[SourceDate "2021.09.30"]
[SourceVersion "1"]
[SourceVersionDate "2021.09.30"]
[SourceQuality "1"]

1. e4 e5 2. Nf3 Nc6 3. Bc4 Bc5 4. b4 Bxb4 5. c3 Ba5 6. d4 d6 7. Qb3 Qd7 8. dxe5 Bb6 9. a4 Na5 10. Qa2 Nxc4 11. Qxc4 Qe6 12. Qe2 Bc5 13. Nbd2 Ne7 14. exd6 cxd6 15. Nd4 Bxd4 16. cxd4 d5 17. f3 dxe4 18. fxe4 0-0 19. 0-0 Qb6 20. Qe3 Nc6 21. Ba3 Rd8 22. Bc5 Qc7 23. Rac1 b6 24. Ba3 Qd7 25. d5 Ne5 26. Qg3 Re8 27. Bb2 f6 28. Rxf6 Qg4 29. Qxg4 Bxg4 30. Rf4 g5 31. Rf6 Nd3 32. Rb1 Rac8 33. Bd4 Rc2 34. Be3 Nc5 35. Bxg5 Nxe4 36. Nxe4 Rxe4 37. Bh6 Re8 38. Rbf1 Rcc8 39. h3 Be2 40. R1f4 Bc4 41. R4f5 Rcd8 42. d6 Be6 43. Rg5+ Kh8 44. Bg7+ Kg8 45. Bf8+ Kh8 46. Be7 Bd7 47. Rf7 Rxe7 48. dxe7 1-0

[Event "Budapest Vezerkepzo IM 7th"]
[Site "Budapest"]
[Date "2021.08.02"]
[Round "6"]
[White "Jakab, Attila"]
[Black "Kumar, Naman"]
[Result "1/2-1/2"]
[WhiteElo "2339"]
[BlackElo "2141"]
[PlyCount "48"]
[EventDate "2021.07.29"]
[EventType "tourn"]
[EventRounds "11"]
[EventCountry "HUN"]
[EventCategory "1"]
[SourceTitle "CBM 203 Extra"]
[Source "ChessBase"]
[SourceDate "2021.09.30"]
[SourceVersion "1"]
[SourceVersionDate "2021.09.30"]
[SourceQuality "1"]

1. d4 d5 2. c4 dxc4 3. Nf3 Nf6 4. e3 e6 5. Bxc4 c5 6. 0-0 a6 7. a3 b5 8. Ba2 Bb7 9. Nc3 Be7 10. Qe2 Nbd7 11. Rd1 Qc7 12. dxc5 Nxc5 13. b4 Nce4 14. Nxe4 Bxe4 15. Bb2 0-0 16. Ne5 Rac8 17. Rac1 Qb8 18. Ng4 Rxc1 19. Rxc1 Rc8 20. Nxf6+ Bxf6 21. Rxc8+ Qxc8 22. f3 Bd3 23. Qd2 Bxb2 24. Qxb2 Qc2 1/2-1/2

[Event "Charlotte Masters 3rd"]
[Site "Charlotte"]
[Date "2021.07.16"]
[Round "1"]
[White "Kumar, Naman"]
[Black "Nguyen, James Le"]
[Result "1/2-1/2"]
[WhiteElo "2141"]
[BlackElo "1929"]
[PlyCount "94"]
[EventDate "2021.07.16"]
[EventType "swiss"]
[EventRounds "5"]
[EventCountry "USA"]
[SourceTitle "CBM 203 Extra"]
[Source "ChessBase"]
[SourceDate "2021.09.30"]
[SourceVersion "1"]
[SourceVersionDate "2021.09.30"]
[SourceQuality "1"]

1. e4 c6 2. d4 d5 3. e5 Bf5 4. Nf3 e6 5. Be2 Ne7 6. 0-0 c5 7. c4 Nbc6 8. Na3 a6 9. dxc5 d4 10. Qa4 Ng6 11. Rd1 Bxc5 12. b4 Bxb4 13. Nxd4 Qa5 14. Qxa5 Bxa5 15. Nxf5 exf5 16. Rb1 Ngxe5 17. Rxb7 0-0 18. f4 Ng6 19. Bf3 Rad8 20. Rd5 Rxd5 21. cxd5 Nd4 22. Nc4 Nxf3+ 23. gxf3 Rc8 24. Ba3 Bc3 25. Nd6 Bd4+ 26. Kf1 Rd8 27. Nxf5 Bf6 28. Bd6 Nh4 29. Ne7+ Kf8 30. Bc5 Ke8 31. d6 Rd7 32. Rb3 Rd8 33. Nd5 Kd7 34. Nxf6+ gxf6 35. Rb7+ Kc6 36. Rc7+ Kd5 37. Bb4 Nxf3 38. Rxf7 Nxh2+ 39. Ke2 a5 40. Ba3 Ng4 41. Rxh7 f5 42. Ra7 Ke4 43. Rxa5 Kxf4 44. Rd5 Ke4 45. Rd2 f4 46. d7 Ne5 47. Be7 Rxd7 1/2-1/2

[Event "North American-ch U20"]
[Site "Charlotte"]
[Date "2020.12.19"]
[Round "2"]
[White "Vivekananthan, Anish"]
[Black "Kumar, Naman"]
[Result "1-0"]
[WhiteElo "2305"]
[BlackElo "2115"]
[PlyCount "73"]
[EventDate "2020.12.19"]
[EventType "swiss"]
[EventRounds "9"]
[EventCountry "USA"]
[SourceTitle "CBM 199 Extra"]
[Source "ChessBase"]
[SourceDate "2021.01.31"]
[SourceVersion "1"]
[SourceVersionDate "2021.01.31"]
[SourceQuality "1"]

1. e4 e5 2. Nf3 Nc6 3. Bc4 Bc5 4. d3 Nf6 5. Nc3 d6 6. Bg5 h6 7. Bxf6 Qxf6 8. Nd5 Qd8 9. c3 a6 10. d4 exd4 11. cxd4 Ba7 12. h3 0-0 13. 0-0 Be6 14. a3 Ne7 15. Nxe7+ Qxe7 16. Bd3 c6 17. Re1 Qd7 18. Bc2 d5 19. e5 Bf5 20. b4 Bb6 21. Rb1 Bxc2 22. Qxc2 a5 23. Re3 axb4 24. axb4 Rfc8 25. Kh2 Ra7 26. Rb2 Rca8 27. b5 cxb5 28. Reb3 Ba5 29. Rxb5 b6 30. Qb3 Rd8 31. Rc2 Raa8 32. Nh4 g6 33. g4 Kh7 34. Ng2 Rac8 35. Rxc8 Rxc8 36. Rxd5 Qb7 37. Rxa5 1-0

[Event "USA National op 51st"]
[Site "ICC INT"]
[Date "2020.11.28"]
[Round "4"]
[White "Kumar, Naman"]
[Black "Hua, Eugene"]
[Result "1/2-1/2"]
[WhiteElo "2115"]
[BlackElo "2336"]
[PlyCount "164"]
[EventDate "2020.11.27"]
[EventType "swiss"]
[EventRounds "9"]
[EventCountry "USA"]
[SourceTitle "CBM 199 Extra"]
[Source "ChessBase"]
[SourceDate "2021.01.31"]
[SourceVersion "1"]
[SourceVersionDate "2021.01.31"]
[SourceQuality "1"]

1. e4 c5 2. Nf3 d6 3. d4 Nf6 4. Nc3 cxd4 5. Nxd4 Nc6 6. f3 e5 7. Nb3 h6 8. Be3 Be7 9. Qd2 0-0 10. 0-0-0 a5 11. Bb5 Be6 12. g4 Na7 13. Bxa7 Rxa7 14. Qe3 Ra8 15. h4 Nd7 16. Qf2 Qb6 17. Qe2 Rfc8 18. a4 Nc5 19. Nd2 Na6 20. Nc4 Qc5 21. Ne3 Nb4 22. Ned5 Bd8 23. Kb1 Nc6 24. Rd2 Nd4 25. Qf2 Qa7 26. Rhd1 Rc5 27. Bf1 Rac8 28. Nb5 Nxb5 29. Bxb5 Bxd5 30. Rxd5 Bb6 31. Rxc5 Bxc5 32. Qd2 Qb6 33. Qd5 Qc7 34. h5 Qe7 35. Bc4 Rc7 36. Qd2 Bb4 37. Qd3 Bc5 38. Rf1 Qg5 39. c3 Kf8 40. Bd5 Qe3 41. Qb5 Bb6 42. Bc4 Qc5 43. Qxc5 Bxc5 44. Kc2 Ke7 45. Kd3 Kf6 46. f4 exf4 47. Rxf4+ Kg5 48. Rf5+ Kxg4 49. Bxf7 Re7 50. Bd5 Bg1 51. Rf7 Rxf7 52. Bxf7 Kf4 53. Bd5 b6 54. Kc4 Ke5 55. Bc6 Kf6 56. Be8 Ke7 57. Bc6 Kd8 58. b4 Kc7 59. Kd5 Bh2 60. bxa5 bxa5 61. Bb5 Bg3 62. c4 Bf2 63. e5 dxe5 64. Kxe5 Kb6 65. Kd5 Bg1 66. Ke6 Bf2 67. Kf7 Bd4 68. Ke6 Bg1 69. Kf7 Bd4 70. Ke6 Bg1 71. Kd5 Bf2 72. Ke6 Bg1 73. Kf7 Bd4 74. Ke6 Bg1 75. Kf7 Bd4 76. Ke6 Bg1 77. Kf7 Bd4 78. Ke6 Bg1 79. Kf7 Bd4 80. Ke6 Bg1 81. Kf7 Bd4 82. Ke6 Bg1 1/2-1/2

[Event "PNWCC Online Masters WOO"]
[Site "Chess.com INT"]
[Date "2020.07.06"]
[Round "7"]
[White "Ghazarian, Kirk Vagho"]
[Black "Kumar, Naman"]
[Result "0-1"]
[WhiteElo "2181"]
[BlackElo "2115"]
[PlyCount "130"]
[EventDate "2020.07.04"]
[EventType "swiss (rapid)"]
[EventRounds "9"]
[EventCountry "USA"]
[SourceTitle "CBM 197 Extra"]
[Source "ChessBase"]
[SourceDate "2020.09.30"]
[SourceVersion "1"]
[SourceVersionDate "2020.09.30"]
[SourceQuality "1"]

1. e4 e5 2. Nf3 Nc6 3. Bb5 Nf6 4. d3 Bc5 5. Bxc6 dxc6 6. Qe2 Qe7 7. Nbd2 0-0 8. Nc4 Bd6 9. h3 b5 10. Ne3 a5 11. a4 Bd7 12. Bd2 Rfb8 13. b3 Bb4 14. 0-0 Nh5 15. Nf5 Bxf5 16. exf5 Nf4 17. Bxf4 exf4 18. Qxe7 Bxe7 19. Rae1 Bd6 20. Re4 f6 21. Rfe1 Kf7 22. Nd4 bxa4 23. bxa4 Rb2 24. Rc1 c5 25. Nb3 Re8 26. Rc4 Ra2 27. Kf1 Rb8 28. Re1 Rb4 29. Ree4 Raxa4 30. Rc3 Rxe4 31. dxe4 Rxe4 32. Nxa5 Re5 33. Nb3 Rxf5 34. Ke2 g5 35. Kf3 h6 36. Nd2 h5 37. Nc4 Ke6 38. Rd3 Rd5 39. Rxd5 Kxd5 40. Nd2 Kd4 41. Ke2 g4 42. f3 f5 43. Nb3+ Kc3 44. Kd1 c4 45. Nc1 Kd4 46. Kd2 Bb4+ 47. Ke2 Ke5 48. Kf2 Kf6 49. Ne2 Kg5 50. Kf1 Bd2 51. Nd4 Be3 52. Ne6+ Kh4 53. hxg4 fxg4 54. fxg4 hxg4 55. Nxc7 Kg3 56. Nd5 Bd4 57. Ne7 Bf6 58. Nf5+ Kh2 59. Kf2 Be5 60. Kf1 Bf6 61. Kf2 f3 62. gxf3 g3+ 63. Nxg3 Bd4+ 64. Kf1 Kxg3 65. Ke2 Kf4 0-1

[Event "PNWCC Online Masters WOO"]
[Site "Chess.com INT"]
[Date "2020.07.05"]
[Round "4.30"]
[White "Kumar, Naman"]
[Black "Nandhidhaa, PV."]
[Result "1/2-1/2"]
[WhiteElo "2115"]
[BlackElo "2365"]
[PlyCount "223"]
[EventDate "2020.07.04"]
[EventType "swiss (rapid)"]
[EventRounds "9"]
[EventCountry "USA"]
[SourceTitle "CBM 197 Extra"]
[Source "ChessBase"]
[SourceDate "2020.09.30"]
[SourceVersion "1"]
[SourceVersionDate "2020.09.30"]
[SourceQuality "1"]

1. e4 c5 2. Nf3 e6 3. d4 cxd4 4. Nxd4 a6 5. c4 Nf6 6. Nc3 Qc7 7. a3 b6 8. Be2 Bb7 9. f3 Be7 10. Be3 d6 11. 0-0 Nbd7 12. Qd2 0-0 13. Rfc1 Rac8 14. b4 Qb8 15. Nb3 Rfe8 16. Na4 Bd8 17. Bf4 Bc7 18. c5 dxc5 19. Bxc7 Rxc7 20. bxc5 Nxc5 21. Naxc5 bxc5 22. Rxc5 Bxe4 23. Rxc7 Qxc7 24. fxe4 Qb6+ 25. Qd4 Qxb3 26. e5 Nd5 27. Bxa6 Ra8 28. Bc4 Qe3+ 29. Qxe3 Nxe3 30. Be2 Nc2 31. Ra2 Nxa3 32. Bf3 Ra5 33. Kf2 g6 34. h4 Kf8 35. g4 h6 36. Kg3 Ke7 37. Kf4 Kd8 38. Rd2+ Kc7 39. Be4 Ra4 40. Ra2 Kb6 41. Rb2+ Nb5 42. Ke3 Kc5 43. Rc2+ Rc4 44. Rxc4+ Kxc4 45. Bc6 Nc7 46. Ke4 Kc5 47. Ba4 Nb5 48. Bc2 Nc3+ 49. Kd3 Nd5 50. Ke4 Nb6 51. Bb3 Kb4 52. Bc2 Kc3 53. Bd3 Nc4 54. Be2 g5 55. hxg5 hxg5 56. Bd1 Nd2+ 57. Ke3 Nb3 58. Bf3 Nd4 59. Bb7 Kc4 60. Bg2 Nc2+ 61. Ke4 Nb4 62. Bf1+ Kc5 63. Bg2 Nc6 64. Bf1 Nb4 65. Be2 Nd5 66. Ba6 Nc3+ 67. Kd3 Nb5 68. Ke4 Kc6 69. Kd3 Kb6 70. Bc8 Kc7 71. Ba6 Kc6 72. Ke4 Nc3+ 73. Kd4 Na4 74. Bd3 Nc5 75. Bh7 Nb7 76. Bg8 Nd8 77. Bh7 Kd7 78. Bd3 Nc6+ 79. Ke4 Nb4 80. Bb5+ Ke7 81. Kd4 f6 82. exf6+ Kxf6 83. Bc4 Nc6+ 84. Ke4 Ne5 85. Be2 Ng6 86. Bd1 Nh8 87. Be2 Nf7 88. Bd1 Nd6+ 89. Kd4 Nb5+ 90. Kc4 Nc7 91. Kd4 e5+ 92. Ke4 Nb5 93. Bc2 Nc3+ 94. Kd3 Nd5 95. Ke4 Nf4 96. Bd1 Ne6 97. Bc2 Nd4 98. Bd1 Ke6 99. Ba4 Kd6 100. Bd1 Ke6 101. Ba4 Ne2 102. Ke3 Nc3 103. Bb3+ Kd6 104. Kd3 Nb1 105. Bc2 Na3 106. Ba4 Kc5 107. Ke4 Nc4 108. Kf5 Kd4 109. Bc6 Ne3+ 110. Kxg5 Nxg4 111. Kxg4 e4 112. Bxe4 1/2-1/2

[Event "PNWCC Online Masters"]
[Site "Chess.com INT"]
[Date "2020.05.24"]
[Round "6.17"]
[White "Kumar, Naman"]
[Black "Chasin, Nico Werner"]
[Result "0-1"]
[WhiteElo "2115"]
[BlackElo "2303"]
[PlyCount "98"]
[EventDate "2020.05.23"]
[EventType "swiss (rapid)"]
[EventRounds "9"]
[EventCountry "USA"]
[SourceTitle "CBM 196 Extra"]
[Source "ChessBase"]
[SourceDate "2020.07.31"]
[SourceVersion "1"]
[SourceVersionDate "2020.07.31"]
[SourceQuality "1"]

1. e4 c5 2. Nf3 e6 3. d4 cxd4 4. Nxd4 Nc6 5. c4 Nxd4 6. Qxd4 Ne7 7. Nc3 Nc6 8. Qd1 Bc5 9. Be2 0-0 10. 0-0 d6 11. Bf4 e5 12. Be3 Nd4 13. a3 Be6 14. Nd5 Bxd5 15. cxd5 Rc8 16. Rc1 Bb6 17. Qd3 Qd7 18. Rxc8 Rxc8 19. Rc1 Rxc1+ 20. Bxc1 Qc7 21. Be3 Nxe2+ 22. Qxe2 Bd4 23. Bxd4 exd4 24. g3 h6 25. Kg2 Qc5 26. Qd3 b5 27. f4 Qc4 28. Qd2 h5 29. h3 a5 30. Kf2 b4 31. axb4 axb4 32. Qd1 b3 33. Kf3 Kf8 34. f5 f6 35. h4 Kg8 36. Kf4 Qc2 37. Qxd4 Qe2 38. g4 Qxg4+ 39. Ke3 Qxh4 40. Qd1 Qh2 41. Qa1 Qg3+ 42. Ke2 h4 43. Qa4 Kh7 44. Qe8 Qg4+ 45. Kf2 h3 46. Qg6+ Qxg6 47. fxg6+ Kxg6 48. Kg3 Kg5 49. Kxh3 Kf4 0-1

[Event "PNWCC Online Masters"]
[Site "Chess.com INT"]
[Date "2020.05.23"]
[Round "2.23"]
[White "Grabinsky, Aaron"]
[Black "Kumar, Naman"]
[Result "1/2-1/2"]
[WhiteElo "2461"]
[BlackElo "2115"]
[PlyCount "236"]
[EventDate "2020.05.23"]
[EventType "swiss (rapid)"]
[EventRounds "9"]
[EventCountry "USA"]
[SourceTitle "CBM 196 Extra"]
[Source "ChessBase"]
[SourceDate "2020.07.31"]
[SourceVersion "1"]
[SourceVersionDate "2020.07.31"]
[SourceQuality "1"]

1. e4 c5 2. Nf3 d6 3. d4 cxd4 4. Nxd4 Nf6 5. f3 a6 6. c4 e5 7. Nc2 Be6 8. Nc3 Be7 9. Be3 0-0 10. Be2 Nbd7 11. Nb4 Rc8 12. Nbd5 Bxd5 13. cxd5 b5 14. 0-0 Nb6 15. a3 Nc4 16. Bxc4 Rxc4 17. Na2 a5 18. Qb3 Qd7 19. Nc3 Rb8 20. Rac1 a4 21. Qd1 Rbc8 22. Na2 Rxc1 23. Nxc1 Qc7 24. Qe2 Qc4 25. Qxc4 Rxc4 26. Na2 Rc2 27. Rf2 Rc4 28. Kf1 Kf8 29. Ke2 Nd7 30. Nc3 Rc8 31. Nxb5 Rb8 32. Nc3 Rxb2+ 33. Kd3 Rb3 34. Ra2 Bd8 35. Kc2 Ba5 36. Bd2 Bxc3 37. Bxc3 Nc5 38. Bb4 Ke7 39. Rb2 Re3 40. Kd2 Rb3 41. Rxb3 Nxb3+ 42. Kc3 Kd7 43. Kc4 Nd4 44. Bd2 Nc2 45. Bb4 Nd4 46. Kd3 g6 47. Bc3 Nb5 48. Bb2 f5 49. Kc4 Nc7 50. Bc1 Ne8 51. Bg5 fxe4 52. fxe4 Kc7 53. h4 Ng7 54. g4 Ne8 55. Kb5 Kd7 56. Kxa4 h6 57. Bxh6 Nf6 58. g5 Nxe4 59. Kb5 Nc3+ 60. Kc4 Na4 61. h5 gxh5 62. g6 Ke8 63. Kd3 Nc5+ 64. Ke3 Na4 65. Ke4 h4 66. Kf5 h3 67. Kf6 h2 68. g7 h1Q 69. g8Q+ Kd7 70. Qe6+ Kc7 71. Qe7+ Kc8 72. Qe8+ Kc7 73. Qc6+ Kb8 74. Qxd6+ Kb7 75. Qc6+ Kb8 76. Qb5+ Kc7 77. Qc6+ Kb8 78. Bg5 Qf3+ 79. Kxe5 Qxa3 80. Qb5+ Ka7 81. Qd7+ Ka6 82. Qc8+ Ka7 83. Qc7+ Ka6 84. Qc6+ Nb6 85. d6 Qg3+ 86. Kf6 Qf2+ 87. Kg6 Qd4 88. Bd8 Qg4+ 89. Kf7 Qf5+ 90. Bf6 Qh7+ 91. Ke6 Qh3+ 92. Ke7 Qh7+ 93. Kf8 Qh6+ 94. Bg7 Qf4+ 95. Kg8 Qf5 96. Bd4 Qg6+ 97. Kf8 Qf5+ 98. Ke7 Qh7+ 99. Ke6 Qg6+ 100. Ke5 Qg5+ 101. Ke6 Qg6+ 102. Bf6 Qg4+ 103. Ke5 Qe2+ 104. Kf5 Qh5+ 105. Bg5 Qf7+ 106. Ke4 Qe6+ 107. Kf3 Qf5+ 108. Bf4 Qh3+ 109. Kf2 Qh4+ 110. Bg3 Qf6+ 111. Kg2 Qf7 112. Kg1 Qg7 113. Kg2 Qb7 114. Qf3 Qxf3+ 115. Kxf3 Kb7 116. Ke4 Kc6 117. Ke5 Nc4+ 118. Ke6 Nxd6 1/2-1/2

[Event "PNWCC Online Masters"]
[Site "Chess.com INT"]
[Date "2020.05.23"]
[Round "1.12"]
[White "Kumar, Naman"]
[Black "Fridman, Daniel"]
[Result "1/2-1/2"]
[WhiteElo "2115"]
[BlackElo "2615"]
[PlyCount "131"]
[EventDate "2020.05.23"]
[EventType "swiss (rapid)"]
[EventRounds "9"]
[EventCountry "USA"]
[SourceTitle "CBM 196 Extra"]
[Source "ChessBase"]
[SourceDate "2020.07.31"]
[SourceVersion "1"]
[SourceVersionDate "2020.07.31"]
[SourceQuality "1"]

1. d4 d5 2. Nf3 Nf6 3. c4 e6 4. g3 Bb4+ 5. Bd2 a5 6. a3 Be7 7. Bg2 0-0 8. 0-0 c6 9. Qc2 Nbd7 10. Bg5 b5 11. cxb5 cxb5 12. Nbd2 Ba6 13. Rfc1 b4 14. e3 Rc8 15. Qa4 Qb6 16. Bf1 Bxf1 17. Rxf1 h6 18. Bxf6 Nxf6 19. Ne5 bxa3 20. bxa3 Rc3 21. Rfb1 Qc7 22. Nb3 Rb8 23. Nxa5 Ra8 24. Nec6 Rxc6 25. Qxc6 Qxa5 26. Rb7 Bf8 27. a4 Ne8 28. Rb5 Qd8 29. a5 Nd6 30. Rb6 Nc4 31. Ra6 Rxa6 32. Qxa6 Bb4 33. Rb1 Bxa5 34. Rb7 Qf6 35. Qa8+ Kh7 36. Qf8 Be1 37. Rxf7 Bxf2+ 38. Kh1 Qg6 39. Rxf2 Nxe3 40. Qb4 Qe4+ 41. Kg1 Nf5 42. Rf4 Qe3+ 43. Kg2 Qe2+ 44. Kg1 Qd1+ 45. Rf1 Qd3 46. Qb1 Qxd4+ 47. Kh1 Qg4 48. Rf4 Qg6 49. Kg1 h5 50. Kf2 Qf6 51. Rf3 g6 52. Qd3 Qb2+ 53. Kg1 Kh6 54. Qc3 Qb1+ 55. Kg2 d4 56. Qd3 Qe1 57. Rf4 Ne3+ 58. Kh3 Qg1 59. Qe4 Ng4 60. Qg2 Qd1 61. Qa8 Qe2 62. Qh8+ Kg5 63. Qd8+ Kh6 64. Qh8+ Kg5 65. Qd8+ Kh6 66. Qh8+ 1/2-1/2